000 00213 a2200097 4500
001 47973
100 _aNadvi
245 _aTajdeed Taswaf wa Salook
260 _aKarachi
_bNafees academy
_c
090 _c30965
_d30965
942 _aNUST-CAE
_cM
_c23297
999 _c283046
_d283046